000 00345nam a22001337a 4500
008 180131b xxu||||| |||| 00| 0 eng d
020 _a0961649801
041 _aeng
080 _a616.12-008-073
100 _a7
101 _akar
245 _acardiac deisease in the dog nad cat a diagnostic handbook
_crebecca.e.g
942 _2udc
_cBK
999 _c41346
_d41346